000 00363 a2200169 4500
001 172577
020 _a85-08-00747-7
040 _cMagnum
100 _aOrthof, Sylvia
240 1 0 _aMaria-vai-com-as-outras
_lpor
245 1 0 _aMaria-vai-com-as-outras
300 _a32
362 0 _a2006
440 1 _aÁtica
697 _aLITERATURA INFANTIL
942 _cBK
999 _c172577
_d172577